000
00302nam a22001337a 4500
008
180924b xxu||||| |||| 00| 0 eng d
020
_a
9780521795104
041
_a
eng
080
_a
343.9
100
_a
13
101
_a
KRI
245
_a
The Criminal Recidivism Process
_c
Zamble, E
942
_2
udc
_c
BK
999
_c
48396
_d
48396